00458nam a2200181Ia 4500008004100000020001800041050001400059100002000073245003400093245005000127260001500177260001600192260000900208300001400217300002700231300001000258500000800268170918s9999 xx 000 0 und d a9780545422352 bN971 2008 aNumeroff, Laura aIf you give a cat a cupcake / cLaura Numeroff ; illustrated by Felicia Bond. aNew York : bScholastic, c2008 aunpaged : bcolored illustration ; c23cm. a440